El siglo de los sueños (Registro nro. 11739)

Detalles MARC
000 -LEADER
campo de control de longitud fija 00782nam a22002655i 4500
001 - NÚMERO DE CONTROL
campo de control 11739
003 - IDENTIFICADOR DE NÚMERO DE CONTROL
campo de control ES-MaACL
005 - FECHA Y HORA DE LA ÚLTIMA TRANSACCIÓN
campo de control 20250905135816.0
007 - CAMPO FIJO DE DESCRIPCIÓN FÍSICA--INFORMACIÓN GENERAL
campo de control de longitud fija t|
008 - DATOS DE LONGITUD FIJA--INFORMACIÓN GENERAL
campo de control de longitud fija 960117s1995 sp ||||0| spa j
020 ## - NÚMERO INTERNACIONAL ESTÁNDAR DEL LIBRO
Número Internacional Estándar del Libro 84-7223-888-1
040 ## - FUENTE DE CATALOGACIÓN
Centro catalogador/agencia de origen M-BN
Lengua de catalogación spa
Centro/agencia transcriptor M-BN
080 ## - NÚMERO DE LA CLASIFICACIÓN DECIMAL UNIVERSAL
Número de la Clasificación Decimal Universal 839.8-31"19"
100 1# - ENTRADA PRINCIPAL--NOMBRE DE PERSONA
Nombre de persona Hoeg, Peter.
9 (RLIN) 63916
245 13 - MENCIÓN DEL TÍTULO
Título El siglo de los sueños
Resto del título : una novela /
Mención de responsabilidad, etc. Peter Hoeg ; traducido del danés por Ana Sofía Pascual.
250 ## - MENCION DE EDICION
Mención de edición 1ª ed.
260 ## - PUBLICACIÓN, DISTRIBUCIÓN, ETC.
Lugar de publicación, distribución, etc. Barcelona :
Nombre del editor, distribuidor, etc. Tusquets,
Fecha de publicación, distribución, etc. 1995.
300 ## - DESCRIPCIÓN FÍSICA
Extensión 400 p ;
Dimensiones 22 cm.
490 1# - MENCIÓN DE SERIE
Mención de serie Colección Andanzas ;
Designación de volumen o secuencia 246
700 0# - ENTRADA AGREGADA--NOMBRE PERSONAL
Nombre de persona Pascual Pape, Ana Sofía
9 (RLIN) 89392
830 00 - PUNTO DE ACCESO ADICIONAL DE SERIE-TÍTULO UNIFORME
Título uniforme Colección Andanzas
Designación de volumen o secuencia 246
9 (RLIN) 234359
852 ## - LOCALIZACIÓN
Ubicación ES-MaACL
Número de control de estantería L-19038
Sublocalización o colección R.124982
Existencias
Estatus retirado Estado de pérdida Estado de daño No para préstamo Biblioteca de origen Biblioteca actual Ubicación en estantería Fecha de adquisición Fuente de adquisición Total de préstamos Signatura topográfica completa Código de barras Visto por última vez Precio de reemplazo Tipo de ítem Koha
        Biblioteca del Ateneo de Madrid Biblioteca del Ateneo de Madrid Depósito 2 17/01/2008     L-19038 1011964 23/02/2023 23/02/2023 Libro impreso